| 000 | 00622nam a2200241 a 4500 | ||
|---|---|---|---|
| 001 | 0001-1267 | ||
| 003 | ELIB.Books | ||
| 008 | 150623 2010 eng | ||
| 020 | _a0762188683 | ||
| 035 | _a(ELIB.Books)0001-1422 | ||
| 092 |
_a242 _bRDA |
||
| 100 | _aReader's Digest Association | ||
| 245 | _aA Message of Family | ||
| 260 |
_aNew York _bReader's Digest Association, Inc _c2001 |
||
| 300 |
_a247 _c21 Cm |
||
| 500 | _aLibrary | ||
| 650 | _aDevotional Literature | ||
| 856 |
_nKBTS: Library _uKBTS: Elib |
||
| 942 |
_2ddc _cBK |
||
| 990 | _a1 | ||
| 998 |
_cbat _e2015-06-23 |
||
| 999 |
_c11267 _d11267 |
||